[Event "10. Open Internacional de Málaga"]
[Site "Campillos ESP"]
[Date "2007.02.25"]
[Round "3.11"]
[White "Moussard, Jules"]
[Black "Sakelsek, Tadej"]
[Result "0-1"]
[WhiteElo "2190"]
[BlackElo "2454"]
[PlyCount "104"]
[EventDate "2007.02.24"]
[EventType "swiss"]
[EventRounds "9"]
[EventCountry "ESP"]
[Source "lmi"]
[SourceDate "2007.02.24"]

1. e4 c5 2. Nf3 Nc6 3. d4 cxd4 4. Nxd4 Qc7 5. Nc3 e6 6. Be3 a6 7. Qd2 Nf6 8. f3
Ne5 9. O-O-O Bb4 10. Qe1 O-O 11. Nb3 Nc6 12. a3 Bxc3 13. Qxc3 d5 14. Bd3 dxe4
15. Bxe4 Nxe4 16. fxe4 e5 17. h3 b6 18. Nd2 Be6 19. Nc4 Nd4 20. Bxd4 exd4 21.
Rxd4 Rac8 22. Nd6 Qxc3 23. bxc3 Rxc3 24. Kb2 Rg3 25. Rd2 Rd8 26. Re1 Kf8 27.
Ree2 Rd7 28. e5 b5 29. Rd3 Rxd3 30. cxd3 f6 31. d4 Bd5 32. g4 fxe5 33. dxe5 Rc7
34. Rc2 Rxc2+ 35. Kxc2 g5 36. Kd3 Bg2 37. Nf5 Bxh3 38. Ne3 a5 39. Ke4 b4 40.
axb4 axb4 41. Kf5 h5 42. Kxg5 Bxg4 43. Nc4 Ke7 44. Nb2 Be2 45. Na4 Ke6 46. Kf4
h4 47. Nc5+ Kd5 48. Nb3 h3 49. Kg3 Bg4 50. Na5 Bd7 51. Kf3 Kxe5 52. Nb3 Be6 0-1

[Event "10. Open Internacional de Málaga"]
[Site "Campillos ESP"]
[Date "2007.02.25"]
[Round "3.12"]
[White "Dias, Paulo"]
[Black "Diogo, Vasco"]
[Result "1-0"]
[WhiteElo "2425"]
[BlackElo "2208"]
[PlyCount "79"]
[EventDate "2007.02.24"]
[EventType "swiss"]
[EventRounds "9"]
[EventCountry "ESP"]
[Source "lmi"]
[SourceDate "2007.02.24"]

1. e4 c5 2. c3 d5 3. exd5 Qxd5 4. d4 Nc6 5. Nf3 cxd4 6. cxd4 e6 7. Nc3 Qd6 8.
Bc4 Nf6 9. O-O Be7 10. Nb5 Qd8 11. Bf4 O-O 12. Bc7 Qd7 13. Ne5 Nxe5 14. dxe5
Ne8 15. Ba5 b6 16. Bd2 Bb7 17. Qe2 Rc8 18. Bb3 Nc7 19. a4 a6 20. Nc3 Bc5 21.
Rad1 Qc6 22. Qg4 Rfd8 23. Bg5 Rd4 24. Rxd4 Bxd4 25. Rc1 h5 26. Qh3 Bxe5 27. Nd5
Qxc1+ 28. Bxc1 Nxd5 29. Bd2 Bxb2 30. Qxh5 b5 31. axb5 axb5 32. h4 Bc3 33. Qe2
b4 34. Bg5 Ra8 35. Qb5 Be5 36. f4 Bd4+ 37. Kh2 Ra7 38. Qe8+ Kh7 39. Qxf7 Bf2
40. Bc2+ 1-0

[Event "10. Open Internacional de Málaga"]
[Site "Campillos ESP"]
[Date "2007.02.25"]
[Round "3.13"]
[White "Zamudio Diaz, Angel"]
[Black "Camacho Collados, Jose"]
[Result "1-0"]
[WhiteElo "2042"]
[BlackElo "2306"]
[PlyCount "65"]
[EventDate "2007.02.24"]
[EventType "swiss"]
[EventRounds "9"]
[EventCountry "ESP"]
[Source "lmi"]
[SourceDate "2007.02.24"]

1. d4 Nf6 2. c4 g6 3. Nc3 Bg7 4. e4 d6 5. f4 c5 6. d5 O-O 7. Nf3 e6 8. dxe6
fxe6 9. Bd3 Nh5 10. Ne2 e5 11. fxe5 Bg4 12. O-O Bxf3 13. Rxf3 Rxf3 14. gxf3
dxe5 15. Be3 Nc6 16. Bxc5 Qg5+ 17. Kh1 Rd8 18. Qb3 Nf4 19. Nxf4 exf4 20. Bg1
Ne5 21. c5+ Kf8 22. Bf1 Qh5 23. Bg2 Rd3 24. Qxb7 Nxf3 25. c6 Nxh2 26. Qb8+ Ke7
27. Qc7+ Ke6 28. Qc8+ Kf6 29. Bxh2 f3 30. Rf1 Kg5 31. Bh3 f2 32. Qg4+ Qxg4 33.
Bxg4 1-0

[Event "10. Open Internacional de Málaga"]
[Site "Campillos ESP"]
[Date "2007.02.25"]
[Round "3.15"]
[White "Garzon Rodriguez, Jose Manuel"]
[Black "Lopez, Jorge"]
[Result "0-1"]
[WhiteElo "1995"]
[BlackElo "2271"]
[PlyCount "86"]
[EventDate "2007.02.24"]
[EventType "swiss"]
[EventRounds "9"]
[EventCountry "ESP"]
[Source "lmi"]
[SourceDate "2007.02.24"]

1. Nf3 g6 2. d4 Nf6 3. g3 Bg7 4. Bg2 O-O 5. O-O d6 6. c4 Nbd7 7. Qc2 e5 8. dxe5
dxe5 9. Rd1 Re8 10. e4 c6 11. Nc3 Qc7 12. h3 Nc5 13. Nh4 Ne6 14. Be3 Qe7 15. a3
Nh5 16. Qa4 Nef4 17. Kh2 Nxg2 18. Kxg2 Nf4+ 19. Bxf4 exf4 20. Re1 Qd7 21. g4 h5
22. Rad1 f3+ 23. Nxf3 Qe6 24. Ng5 Qf6 25. h4 Qf4 26. Rd3 Be5 27. Rg3 Bxg4 28.
Qc2 Rad8 29. Ne2 Qd2 30. Qxd2 Rxd2 31. f3 Bxg3 32. Kxg3 Be6 33. b3 Bc8 34. Nf4
f6 35. Nxg6 fxg5 36. hxg5 Rd3 37. Nh4 Rf8 38. Kg2 Rf4 39. Ng6 Rfxf3 40. Ne7+
Kf7 41. Nxc8 h4 42. Nd6+ Kg6 43. Nf5 Kxg5 0-1

[Event "10. Open Internacional de Málaga"]
[Site "Campillos ESP"]
[Date "2007.02.25"]
[Round "3.16"]
[White "Naranjo Moreno, Antonio"]
[Black "Tamajon Castilla, Fco Javier"]
[Result "1-0"]
[WhiteElo "2224"]
[BlackElo "1960"]
[PlyCount "53"]
[EventDate "2007.02.24"]
[EventType "swiss"]
[EventRounds "9"]
[EventCountry "ESP"]
[Source "lmi"]
[SourceDate "2007.02.24"]

1. e4 e5 2. Nf3 Nf6 3. Nc3 Bb4 4. a3 Bxc3 5. dxc3 d5 6. Bg5 dxe4 7. Qxd8+ Kxd8
8. O-O-O+ Ke7 9. Nxe5 h6 10. Be3 Ng4 11. Bd4 Nf6 12. Bc4 Be6 13. Bc5+ Ke8 14.
Bxe6 fxe6 15. Rhe1 Nbd7 16. Bd4 Rd8 17. Nxd7 Rxd7 18. Bxf6 gxf6 19. Rxe4 Rxd1+
20. Kxd1 Rg8 21. g3 Ke7 22. Rh4 Rg6 23. Ke2 Kd6 24. Kf3 Ke5 25. Rd4 Rg7 26. Rd8
Rg5 27. Rd7 1-0

[Event "10. Open Internacional de Málaga"]
[Site "Campillos ESP"]
[Date "2007.02.25"]
[Round "3.17"]
[White "Espinosa Luna, Jose M"]
[Black "Picazo Lopez, Juan Antonio"]
[Result "0-1"]
[WhiteElo "1946"]
[BlackElo "2220"]
[PlyCount "74"]
[EventDate "2007.02.24"]
[EventType "swiss"]
[EventRounds "9"]
[EventCountry "ESP"]
[Source "lmi"]
[SourceDate "2007.02.24"]

1. e4 d5 2. exd5 Nf6 3. Nc3 Nxd5 4. Ne4 Bf5 5. Ng3 Bg6 6. Bc4 Nc6 7. Nf3 a6 8.
a4 e6 9. d3 h5 10. h4 Bc5 11. c3 Nb6 12. Bf4 Bd6 13. Qd2 e5 14. Be3 e4 15. Bxb6
exf3 16. Be3 fxg2 17. Rg1 Qxh4 18. Rxg2 Ne5 19. Qe2 O-O-O 20. O-O-O Nxc4 21.
dxc4 Bxg3 22. Rxg3 Qe4 23. Rxg6 Rxd1+ 24. Qxd1 Qxg6 25. Qf3 Rd8 26. Qh3+ Qg4
27. Qxg4+ hxg4 28. Kc2 f5 29. b4 c6 30. b5 Kd7 31. Kd3 Ke6+ 32. Ke2 Ke5 33. f3
gxf3+ 34. Kxf3 Rd3 35. Ke2 Rxe3+ 36. Kxe3 g5 37. Kf3 Kd6 0-1

[Event "10. Open Internacional de Málaga"]
[Site "Campillos ESP"]
[Date "2007.02.25"]
[Round "3.18"]
[White "Rautanen, Sari"]
[Black "Leite, Catarina"]
[Result "1/2-1/2"]
[WhiteElo "1943"]
[BlackElo "2218"]
[PlyCount "51"]
[EventDate "2007.02.24"]
[EventType "swiss"]
[EventRounds "9"]
[EventCountry "ESP"]
[Source "lmi"]
[SourceDate "2007.02.24"]

1. Nf3 d5 2. d4 Nf6 3. c4 e6 4. Nc3 c6 5. Bg5 Be7 6. e3 Nbd7 7. Rc1 O-O 8. Bd3
Re8 9. O-O h6 10. Bh4 dxc4 11. Bxc4 b5 12. Bd3 Bb7 13. Re1 a6 14. e4 c5 15. e5
Nd5 16. Bxe7 Qxe7 17. dxc5 Nxc5 18. Bb1 Red8 19. Qc2 g6 20. Nxb5 axb5 21. Qxc5
Qd7 22. Red1 Rdc8 23. Qd4 Ra4 24. Qd2 Rxc1 25. Rxc1 Kg7 26. a3 1/2-1/2

[Event "10. Open Internacional de Málaga"]
[Site "Campillos ESP"]
[Date "2007.02.25"]
[Round "3.19"]
[White "Anaya Lopez, Victor"]
[Black "Linan Baena, Jeronimo"]
[Result "1/2-1/2"]
[WhiteElo "1941"]
[BlackElo "2186"]
[PlyCount "49"]
[EventDate "2007.02.24"]
[EventType "swiss"]
[EventRounds "9"]
[EventCountry "ESP"]
[Source "lmi"]
[SourceDate "2007.02.24"]

1. e4 d5 2. exd5 Qxd5 3. d4 e5 4. dxe5 Qxd1+ 5. Kxd1 Nc6 6. Bf4 Bf5 7. Nd2
O-O-O 8. Bc4 f6 9. Ngf3 Bc5 10. Rf1 Nge7 11. exf6 gxf6 12. c3 Nd5 13. Bh6 Bf8
14. Bxf8 Rhxf8 15. g3 Rd6 16. Kc1 Nb6 17. Bb3 Rfd8 18. Bc2 Bd3 19. Re1 Ne5 20.
Nxe5 fxe5 21. Ne4 Bxe4 22. Bxe4 Rd2 23. Rf1 h6 24. b3 c6 25. Bc2 1/2-1/2

[Event "10. Open Internacional de Málaga"]
[Site "Campillos ESP"]
[Date "2007.02.25"]
[Round "3.20"]
[White "Suuronen, Petri"]
[Black "Fomani, Mehdi"]
[Result "1/2-1/2"]
[WhiteElo "1931"]
[BlackElo "2162"]
[PlyCount "27"]
[EventDate "2007.02.24"]
[EventType "swiss"]
[EventRounds "9"]
[EventCountry "ESP"]
[Source "lmi"]
[SourceDate "2007.02.24"]

1. Nf3 Nf6 2. g3 d5 3. Bg2 g6 4. d4 Bg7 5. O-O O-O 6. Nbd2 c6 7. c3 Nbd7 8. Re1
Qc7 9. e4 dxe4 10. Nxe4 Nxe4 11. Rxe4 Nf6 12. Re2 Bg4 13. h3 Bxf3 14. Bxf3
1/2-1/2

[Event "10. Open Internacional de Málaga"]
[Site "Campillos ESP"]
[Date "2007.02.26"]
[Round "4.1"]
[White "Ivanov, Jordan"]
[Black "Strikovic, Aleksa"]
[Result "1/2-1/2"]
[WhiteElo "2377"]
[BlackElo "2557"]
[PlyCount "29"]
[EventDate "2007.02.24"]
[EventType "swiss"]
[EventRounds "9"]
[EventCountry "ESP"]
[Source "lmi"]
[SourceDate "2007.02.24"]

1. d4 d6 2. Nf3 Nf6 3. c4 g6 4. Nc3 Bg7 5. e4 O-O 6. h3 e5 7. d5 a5 8. Bg5 Na6
9. Be2 Nc5 10. Nd2 c6 11. b3 Bd7 12. a3 Qb8 13. b4 axb4 14. axb4 Na6 15. Rb1
1/2-1/2

[Event "10. Open Internacional de Málaga"]
[Site "Campillos ESP"]
[Date "2007.02.26"]
[Round "4.2"]
[White "Djuric, Stefan"]
[Black "Bellon Lopez, Juan Manuel"]
[Result "1-0"]
[WhiteElo "2464"]
[BlackElo "2442"]
[PlyCount "89"]
[EventDate "2007.02.24"]
[EventType "swiss"]
[EventRounds "9"]
[EventCountry "ESP"]
[Source "lmi"]
[SourceDate "2007.02.24"]

1. Nf3 c5 2. c3 b6 3. e4 Bb7 4. Bc4 e6 5. d3 Nc6 6. O-O Na5 7. Bb5 a6 8. Ba4 b5
9. Bc2 Nf6 10. e5 Nd5 11. a3 Qc7 12. Re1 d6 13. c4 bxc4 14. dxc4 Nb6 15. Nc3
Naxc4 16. exd6 Bxd6 17. Ne4 Bxe4 18. Rxe4 Ne5 19. Nxe5 Bxe5 20. Qh5 Bd4 21.
Rxe6+ Kf8 22. Qf3 Re8 23. Bf4 Qd8 24. Rxe8+ Qxe8 25. Qb7 Nc4 26. Bb3 g5 27.
Bxg5 h6 28. Bf4 Na5 29. Qf3 Nxb3 30. Qxb3 Qe2 31. Qg3 h5 32. Bd6+ Ke8 33. Bxc5
Bxc5 34. Qb8+ Ke7 35. Qxh8 Bxf2+ 36. Kh1 Be1 37. Qd4 Bd2 38. Qc5+ Kf6 39. Qd6+
Kg5 40. Qg3+ Kf5 41. Qf3+ Qxf3 42. gxf3 Kf4 43. Kg2 Ke3 44. b4 Bc3 45. Rd1 1-0

[Event "10. Open Internacional de Málaga"]
[Site "Campillos ESP"]
[Date "2007.02.26"]
[Round "4.3"]
[White "Cruz Ravina, Francisco Javier"]
[Black "Suba, Mihai"]
[Result "0-1"]
[WhiteElo "2285"]
[BlackElo "2529"]
[PlyCount "162"]
[EventDate "2007.02.24"]
[EventType "swiss"]
[EventRounds "9"]
[EventCountry "ESP"]
[Source "lmi"]
[SourceDate "2007.02.24"]

1. d4 Nf6 2. Nf3 e6 3. Bg5 h6 4. Bxf6 Qxf6 5. e4 d6 6. e5 Qd8 7. exd6 cxd6 8.
Bd3 Be7 9. Qe2 Nd7 10. Nbd2 a6 11. O-O O-O 12. Ne4 d5 13. Ng3 Re8 14. Kh1 Bf8
15. Ne5 Nxe5 16. dxe5 g6 17. f4 Bg7 18. c4 dxc4 19. Bxc4 b5 20. Bd3 Bb7 21. Be4
Re7 22. Bxb7 Rxb7 23. Ne4 Rd7 24. Rfd1 Rxd1+ 25. Rxd1 Qa5 26. b3 Rc8 27. h3 Qb4
28. Qd3 Qa3 29. Qd2 Bf8 30. Nd6 Rd8 31. Qe3 Qxa2 32. Qa7 Bxd6 33. exd6 Qc2 34.
Rd4 Qc6 35. b4 Qd7 36. Qxa6 Rc8 37. Kh2 f6 38. Qb6 g5 39. Rd1 gxf4 40. Ra1 Rd8
41. Ra6 f3 42. gxf3 Qc8 43. Ra2 Rd7 44. Rg2+ Kh7 45. Qd4 Qf8 46. Rd2 Qf7 47.
Qd3+ Qg6 48. Qc3 Rg7 49. Qd3 f5 50. Qf1 Qg3+ 51. Kh1 Rd7 52. f4 Qc3 53. Rd3
Qxb4 54. Kh2 Rxd6 55. Rxd6 Qxd6 56. Kg3 Qa3+ 57. Kh2 Qb2+ 58. Kh1 Qb3 59. Kh2
Qc4 60. Qf2 b4 61. Qa7+ Kg6 62. Qb8 Kf7 63. Qb7+ Ke8 64. Qb8+ Kd7 65. Qb7+ Kd6
66. Qb8+ Kd5 67. Kg3 Kd4 68. Qe5+ Kd3 69. Qe1 b3 70. Qd1+ Kc3 71. Qe1+ Kb2 72.
Qd2+ Qc2 73. Qd6 Qc3+ 74. Kh4 Qe3 75. Qc7 Kb1 76. Qc4 b2 77. Qf1+ Kc2 78. Qg2+
Kd1 79. Qf3+ Kd2 80. Qg2+ Qe2 81. Qb7 Qe1+ 0-1

[Event "10. Open Internacional de Málaga"]
[Site "Campillos ESP"]
[Date "2007.02.26"]
[Round "4.5"]
[White "Zambrana, Oswaldo"]
[Black "Kovacevic, Slobodan"]
[Result "0-1"]
[WhiteElo "2495"]
[BlackElo "2328"]
[PlyCount "156"]
[EventDate "2007.02.24"]
[EventType "swiss"]
[EventRounds "9"]
[EventCountry "ESP"]
[Source "lmi"]
[SourceDate "2007.02.24"]

1. e4 c5 2. Nf3 e6 3. d4 cxd4 4. Nxd4 a6 5. c4 Nf6 6. Nc3 Qc7 7. a3 d6 8. Be3
b6 9. Be2 Bb7 10. f3 Nbd7 11. Rc1 Be7 12. b4 Rc8 13. O-O O-O 14. Qd2 Qb8 15.
Kh1 Rfe8 16. Bg1 Bd8 17. Rc2 Ne5 18. Na4 Bc7 19. Rd1 Qa8 20. Bf1 Nfd7 21. Nb3
Bc6 22. Nb2 Bb7 23. a4 Red8 24. Qc1 Nc6 25. Nd3 a5 26. bxa5 Nxa5 27. Nd4 Bb8
28. Nb5 Nc5 29. Qa3 Nc6 30. Nb2 Ba6 31. Rcd2 Bxb5 32. cxb5 Ne5 33. Bd4 Bc7 34.
Bc3 Qa7 35. Rc2 Ncd7 36. Rdc1 Qb7 37. Bb4 Nc5 38. a5 bxa5 39. Bxc5 dxc5 40.
Qxc5 h6 41. f4 Ng4 42. Qe7 Re8 43. Qd7 Red8 44. Qc6 Qa7 45. Nd3 Bxf4 46. b6
Rxc6 47. bxa7 Rxc2 48. Rxc2 Be3 49. h3 Nf6 50. Ne5 Bxa7 51. Nc6 Rd7 52. e5 Ne4
53. Nxa7 Ng3+ 54. Kg1 Nxf1 55. Nc6 Ne3 56. Re2 Nc4 57. Rc2 Rd1+ 58. Kf2 Nb6 59.
Nxa5 Nd7 60. Nc6 g5 61. Ke2 Rb1 62. Rd2 Rb7 63. Ke3 Kg7 64. Ke4 Rc7 65. Nd4 Rc4
66. Rc2 Ra4 67. Rc7 Nf8 68. Ke3 Ra2 69. Rc2 Ra7 70. Ke4 Ng6 71. g3 Ra5 72. Nf3
Ra4+ 73. Ke3 Ne7 74. Kf2 Nf5 75. g4 Ne7 76. Kg3 Ra3 77. Kf2 Ng6 78. Rd2 Ra5 0-1

[Event "10. Open Internacional de Málaga"]
[Site "Campillos ESP"]
[Date "2007.02.26"]
[Round "4.7"]
[White "Sakelsek, Tadej"]
[Black "Rodriguez Lopez, Rafael"]
[Result "1-0"]
[WhiteElo "2454"]
[BlackElo "2283"]
[PlyCount "95"]
[EventDate "2007.02.24"]
[EventType "swiss"]
[EventRounds "9"]
[EventCountry "ESP"]
[Source "lmi"]
[SourceDate "2007.02.24"]

1. e4 c5 2. Nf3 Nc6 3. d4 cxd4 4. Nxd4 Qb6 5. Nb3 Nf6 6. Nc3 e6 7. Qe2 Bb4 8.
Bd2 O-O 9. a3 Be7 10. e5 Ne8 11. O-O-O d5 12. exd6 Nxd6 13. Be3 Qc7 14. Bf4 a6
15. g3 Rd8 16. Bg2 Bd7 17. Nc5 Be8 18. Nxe6 fxe6 19. Qxe6+ Bf7 20. Nd5 Bxe6 21.
Nxc7 Bg4 22. Nxa8 Bxd1 23. Rxd1 g5 24. Bxd6 Rxd6 25. Rxd6 Bxd6 26. Bxc6 bxc6
27. h3 Kf7 28. Kd2 Ke6 29. b4 c5 30. c3 cxb4 31. axb4 Kd5 32. Nb6+ Ke4 33. Nc4
Be7 34. Ke2 Bf6 35. Nd2+ Kd5 36. Kd3 h5 37. Ne4 Be7 38. f4 h4 39. fxg5 hxg3 40.
Nxg3 Bxg5 41. Ne4 Be7 42. c4+ Ke5 43. c5 Kd5 44. Nc3+ Ke5 45. Kc4 Bd8 46. Nd5
a5 47. b5 a4 48. b6 1-0

[Event "10. Open Internacional de Málaga"]
[Site "Campillos ESP"]
[Date "2007.02.26"]
[Round "4.8"]
[White "Recuero Guerra, David"]
[Black "Colovic, Aleksandar"]
[Result "1/2-1/2"]
[WhiteElo "2357"]
[BlackElo "2463"]
[PlyCount "39"]
[EventDate "2007.02.24"]
[EventType "swiss"]
[EventRounds "9"]
[EventCountry "ESP"]
[Source "lmi"]
[SourceDate "2007.02.24"]

1. e4 c5 2. Nf3 d6 3. d4 cxd4 4. Nxd4 Nf6 5. Nc3 a6 6. Be3 e5 7. Nf3 Be7 8. Bc4
O-O 9. O-O Be6 10. Qe2 Bxc4 11. Qxc4 b5 12. Qd3 Nbd7 13. Rfd1 Rc8 14. a3 Qc7
15. Nh4 g6 16. Bh6 Rfd8 17. Nf5 Nc5 18. Qf3 Ne6 19. Ne3 Qd7 20. Ne2 1/2-1/2

[Event "10. Open Internacional de Málaga"]
[Site "Campillos ESP"]
[Date "2007.02.26"]
[Round "4.9"]
[White "Pilaj, Herwig"]
[Black "Herrera Mellado, Luis"]
[Result "1-0"]
[WhiteElo "2373"]
[BlackElo "2140"]
[PlyCount "47"]
[EventDate "2007.02.24"]
[EventType "swiss"]
[EventRounds "9"]
[EventCountry "ESP"]
[Source "lmi"]
[SourceDate "2007.02.24"]

1. d4 d5 2. Nf3 Nf6 3. c4 c6 4. e3 e6 5. Bd3 Nbd7 6. O-O Bd6 7. Nbd2 O-O 8. e4
dxe4 9. Nxe4 Nxe4 10. Bxe4 Nf6 11. Bc2 c5 12. Bg5 h6 13. Bh4 Be7 14. Qd3 g6 15.
Ne5 Qxd4 16. Nxg6 Qxd3 17. Nxe7+ Kg7 18. Bxd3 Bd7 19. Rfe1 Rfe8 20. Re3 Nh5 21.
Be2 Nf4 22. Rg3+ Kh7 23. Bf3 f5 24. Bf6 1-0

[Event "10. Open Internacional de Málaga"]
[Site "Campillos ESP"]
[Date "2007.02.26"]
[Round "4.10"]
[White "Ladron de Guevara Pinto, Miguel"]
[Black "Fenollar Jorda, Manuel"]
[Result "1-0"]
[WhiteElo "2093"]
[BlackElo "2307"]
[PlyCount "129"]
[EventDate "2007.02.24"]
[EventType "swiss"]
[EventRounds "9"]
[EventCountry "ESP"]
[Source "lmi"]
[SourceDate "2007.02.24"]

1. d4 d5 2. c4 c6 3. Nf3 Nf6 4. Nc3 a6 5. c5 Nbd7 6. Bf4 Nh5 7. Be5 f6 8. Bg3
e5 9. e3 Be7 10. Be2 O-O 11. Qb3 Kh8 12. O-O-O e4 13. Nh4 f5 14. Bxh5 Bxh4 15.
Kb1 Bg5 16. Bd6 Be7 17. Bxe7 Qxe7 18. g3 g5 19. Be2 f4 20. Rdf1 Nf6 21. h3 Be6
22. Qc2 f3 23. Bd1 Kg7 24. Qd2 Qd7 25. h4 h6 26. Bc2 Rf7 27. hxg5 hxg5 28. a3
Bh3 29. Rd1 Bg2 30. Rhg1 Rh8 31. Rc1 Kg8 32. Ka2 Rfh7 33. Bb1 Rh2 34. Nd1 Rh1
35. Nc3 Kg7 36. Rxh1 Rxh1 37. Rxh1 Bxh1 38. Qe1 Bg2 39. Nd1 Kg6 40. Kb3 Kf5 41.
Kc2 Ng4 42. Kd2 Qh7 43. Qg1 Qh2 44. Qxh2 Nxh2 45. Ke1 Bf1 46. Ba2 Bd3 47. Nc3
Ke6 48. b4 Ng4 49. Nd1 Nf6 50. Kd2 Nd7 51. Nb2 Be2 52. Bb3 Nf6 53. Bd1 Bb5 54.
Ba4 Bxa4 55. Nxa4 Kf5 56. Ke1 Kg4 57. Kf1 Kh3 58. Kg1 Ne8 59. Nb6 Nc7 60. a4
Kg4 61. Nc8 Kf5 62. Nd6+ Ke6 63. Nxb7 Ne8 64. Nd8+ Kd7 65. Nf7 1-0

[Event "10. Open Internacional de Málaga"]
[Site "Campillos ESP"]
[Date "2007.02.26"]
[Round "4.11"]
[White "Lopez, Jorge"]
[Black "Guadamuro Torrente, Ana Isabel"]
[Result "1-0"]
[WhiteElo "2271"]
[BlackElo "2107"]
[PlyCount "79"]
[EventDate "2007.02.24"]
[EventType "swiss"]
[EventRounds "9"]
[EventCountry "ESP"]
[Source "lmi"]
[SourceDate "2007.02.24"]

1. d4 d5 2. Nf3 Nf6 3. g3 e6 4. c4 c6 5. Nbd2 Nbd7 6. Bg2 Bd6 7. O-O O-O 8. Qc2
e5 9. cxd5 cxd5 10. dxe5 Nxe5 11. Nxe5 Bxe5 12. Nf3 Bd6 13. Rd1 Be6 14. Nd4 Qb6
15. Bg5 Be5 16. Qd2 Ne4 17. Bxe4 dxe4 18. Nxe6 Qxe6 19. Qd5 Qxd5 20. Rxd5 f6
21. Be3 Rfd8 22. Rad1 Rxd5 23. Rxd5 Bxb2 24. Rb5 Be5 25. Rxb7 a5 26. a4 Ra6 27.
g4 g6 28. Bb6 f5 29. gxf5 gxf5 30. e3 Bc3 31. Kg2 Be5 32. Kh3 Kf8 33. Kh4 f4
34. exf4 Bxf4 35. h3 Bd6 36. Kg4 h6 37. Kf5 Ra8 38. Bd4 Rc8 39. Rh7 Rb8 40. Ke6
1-0

[Event "10. Open Internacional de Málaga"]
[Site "Campillos ESP"]
[Date "2007.02.26"]
[Round "4.12"]
[White "Rubio Doblas, Ricardo"]
[Black "Naranjo Moreno, Antonio"]
[Result "1-0"]
[WhiteElo "2065"]
[BlackElo "2224"]
[PlyCount "127"]
[EventDate "2007.02.24"]
[EventType "swiss"]
[EventRounds "9"]
[EventCountry "ESP"]
[Source "lmi"]
[SourceDate "2007.02.24"]

1. e4 e5 2. Nf3 Nc6 3. d4 exd4 4. c3 d5 5. exd5 Qxd5 6. cxd4 Bg4 7. Be2 O-O-O
8. Nc3 Qa5 9. Be3 Bb4 10. Rc1 Nf6 11. O-O Rhe8 12. h3 Be6 13. a3 Bxc3 14. Rxc3
Nd5 15. Rc5 Nxe3 16. Qc1 Nxf1 17. Rxa5 Nxa5 18. Bxf1 Bd5 19. Qc3 Nc6 20. Ne5 f6
21. Nd3 Re4 22. Nc5 Rxd4 23. Bb5 a6 24. Be2 g6 25. b4 Re8 26. Bd3 Rd8 27. Be2
Rf4 28. Qe3 Rd4 29. Qc3 f5 30. b5 axb5 31. Bxb5 Rd6 32. Qb2 Rd1+ 33. Kh2 Be4
34. Ba4 Rb1 35. Qh8+ Nd8 36. Qc3 Bc6 37. Qa5 Kb8 38. Qc3 Bxa4 39. Nxa4 b6 40.
Qe3 Rbd1 41. Qe8 R1d2 42. Nc3 Kb7 43. a4 c6 44. Qe7+ Rd7 45. Qb4 R2d4 46. Qb2
Kc7 47. Qe2 Nb7 48. Qe5+ Kc8 49. Qe8+ Kc7 50. Qe5+ R4d6 51. Qe2 Na5 52. Qa6 Rd2
53. Qa7+ Nb7 54. a5 bxa5 55. Na4 Rc2 56. Qb6+ Kb8 57. Qb3 Rdd2 58. Qg3+ Ka7 59.
Qe3+ c5 60. Nc3 Rxf2 61. Nb5+ Kb6 62. Na3 Rxg2+ 63. Kh1 Rge2 64. Qb3+ 1-0

[Event "10. Open Internacional de Málaga"]
[Site "Campillos ESP"]
[Date "2007.02.26"]
[Round "4.13"]
[White "Picazo Lopez, Juan Antonio"]
[Black "Valero Cano, Emilio"]
[Result "1-0"]
[WhiteElo "2220"]
[BlackElo "2081"]
[PlyCount "25"]
[EventDate "2007.02.24"]
[EventType "swiss"]
[EventRounds "9"]
[EventCountry "ESP"]
[Source "lmi"]
[SourceDate "2007.02.24"]

1. d4 d5 2. c4 e6 3. Nc3 Be7 4. Qc2 Nf6 5. cxd5 exd5 6. Bg5 Nbd7 7. e3 O-O 8.
Bd3 c6 9. Nge2 Re8 10. O-O Ne4 11. Bxe7 Qxe7 12. Rae1 Qg5 13. Nxe4 1-0

[Event "10. Open Internacional de Málaga"]
[Site "Campillos ESP"]
[Date "2007.02.26"]
[Round "4.14"]
[White "Medina Menendez, Eduardo Matias"]
[Black "Berbatov, Kiprian"]
[Result "1/2-1/2"]
[WhiteElo "2049"]
[BlackElo "2145"]
[PlyCount "101"]
[EventDate "2007.02.24"]
[EventType "swiss"]
[EventRounds "9"]
[EventCountry "ESP"]
[Source "lmi"]
[SourceDate "2007.02.24"]

1. e4 c5 2. Nf3 d6 3. d4 cxd4 4. Nxd4 Nf6 5. Nc3 g6 6. Be3 Bg7 7. f3 O-O 8. Bc4
Nc6 9. Qd2 Bd7 10. O-O-O Qa5 11. h4 Rfc8 12. Bb3 Ne5 13. h5 Nxh5 14. g4 Nf6 15.
Bh6 Rxc3 16. Qxc3 Qxc3 17. bxc3 Bxh6+ 18. Rxh6 Nh5 19. gxh5 Kg7 20. hxg6 Kxh6
21. gxf7 Rf8 22. Rh1+ Kg6 23. Rg1+ Kf6 24. Rg8 Ng6 25. f4 e6 26. f5 exf5 27.
exf5 Bxf5 28. Nxf5 Kxf5 29. Rg7 h5 30. Bc4 Kf6 31. Rh7 Nf4 32. Rh6+ Ke7 33. Kd2
d5 34. Be2 Kxf7 35. Rh7+ Kg6 36. Rxb7 Rf7 37. Rb5 Nxe2 38. Kxe2 h4 39. Rxd5 h3
40. Rd3 Rh7 41. Rd1 h2 42. Rh1 Kf5 43. Kf2 Rh3 44. Kg2 Rxc3 45. Rxh2 Rxc2+ 46.
Kg3 Rc3+ 47. Kf2 Rc2+ 48. Kg3 Rxh2 49. Kxh2 Ke4 50. Kg2 Kd3 51. Kf2 1/2-1/2

[Event "10. Open Internacional de Málaga"]
[Site "Campillos ESP"]
[Date "2007.02.26"]
[Round "4.15"]
[White "Serrano Marhuenda, Salvador"]
[Black "Lobato Lavin, Alvaro"]
[Result "1-0"]
[WhiteElo "2143"]
[BlackElo "2049"]
[PlyCount "55"]
[EventDate "2007.02.24"]
[EventType "swiss"]
[EventRounds "9"]
[EventCountry "ESP"]
[Source "lmi"]
[SourceDate "2007.02.24"]

1. e4 c5 2. Nf3 d6 3. d4 cxd4 4. Nxd4 Nf6 5. Nc3 a6 6. Bg5 e6 7. f4 Qc7 8. Qf3
b5 9. a3 Nbd7 10. O-O-O Rb8 11. g4 b4 12. axb4 Rxb4 13. Bg2 Qb6 14. Nb3 Bb7 15.
Rhe1 Be7 16. Bh4 Nc5 17. Nxc5 Qxc5 18. g5 Nd7 19. Nd5 exd5 20. exd5 Qc4 21. Bh3
Qxf4+ 22. Qxf4 Rxf4 23. Bg3 Ra4 24. Bxd6 Ra1+ 25. Kd2 Rxd1+ 26. Kxd1 Kd8 27.
Rxe7 Bc8 28. Rxf7 1-0

[Event "10. Open Internacional de Málaga"]
[Site "Campillos ESP"]
[Date "2007.02.26"]
[Round "4.16"]
[White "Zamudio Diaz, Angel"]
[Black "Karim, Ismael"]
[Result "0-1"]
[WhiteElo "2042"]
[BlackElo "2324"]
[PlyCount "68"]
[EventDate "2007.02.24"]
[EventType "swiss"]
[EventRounds "9"]
[EventCountry "ESP"]
[Source "lmi"]
[SourceDate "2007.02.24"]

1. d4 d5 2. c4 c6 3. Nc3 Nf6 4. Bg5 dxc4 5. a4 Qa5 6. Bd2 e5 7. dxe5 Qxe5 8.
Nf3 Qc5 9. e4 Ng4 10. Qe2 Nd7 11. e5 Ngxe5 12. Nxe5 Qxe5 13. Bf4 Qxe2+ 14. Bxe2
Nb6 15. a5 Nd5 16. Bd2 Nb4 17. O-O Be6 18. Bf3 Nc2 19. Ra4 Nd4 20. Be4 f5 21.
Be3 O-O-O 22. Bb1 Bc5 23. Re1 g6 24. Bg5 Rde8 25. Rd1 Rhf8 26. Ba2 Nb3 27. Ne2
Bg8 28. Nc1 Be7 29. Bh6 Rd8 30. Re1 Rfe8 31. Bxb3 cxb3 32. Kf1 Bf6 33. Rxe8
Rxe8 34. Nd3 Re4 0-1